Представление документа в формате MARC21

Поле Инд. ПП Название Значение
Тип записи a
Библиографический уровень m
001 Контрольный номер RU/IS/BASE/349444133
005 Дата корректировки 20140227145637.2
040 a Служба первич. каталог. НБ ТвГУ
b Код языка каталог. rus
e Правила каталог. PSBO
041 0_ a Код языка текста rus
080 a Индекс УДК 94(47).027
084 a Индекс другой классификации/Индекс ББК Т3(2)411-33
084 a Индекс другой классификации/Индекс ББК Т3(2)411-68
090 a Полочн. индекс 9(47)
x Авторский знак О-66
100 1_ a Автор Орлов Александр Сергеевич
c Титул (звания) акад.
d Дата 1871-1947
q Полное имя Орлов А. С.
245 00 a Заглавие Владимир Мономах
c Ответственность под общ. ред. пред. комис. С. И. Вавилова ; АН СССР
260 a Место издания Москва
a Место издания Ленинград
b Издательство АН СССР
c Дата издания 1946
300 a Объем 190,[1] с.
b Иллюстрации/ тип воспроизводства ил.
504 a Библиография Библиогр. в подстроч. примеч.
653 a Ключевые слова 11 в.
a Ключевые слова 12 в.
a Ключевые слова Владимир Мономах, о нем
a Ключевые слова Древнерусские князья
a Ключевые слова Древняя Русь
a Ключевые слова История Древней Руси
a Ключевые слова История России
a Ключевые слова Персоналии
700 1_ a Другие авторы Вавилов Сергей Иванович
e Роль лиц ред.
901 t Тип документа m
920 a Оператор Лиси
930 a Новая/Ретро персоналии
954 a Дата поступления на обработку 20110127